W disney/pixar characters - Statistics

General Stats
  • This quiz has been taken 19 times
  • The average score is 7 of 18
Answer Stats
Hint Answer % Correct
Walle Walle
100%
Winnie the Pooh Winnie the Pooh
100%
Peter Pan Wendy Darling
78%
Big Hero 6 Wasabi
56%
Alice in Wonderland White Rabbit
44%
Meet the Robinsons Wilbur
44%
The Rescuers Down Under Wilbur
44%
Toy Story Woody
44%
Elemental Wade Ripple
22%
Beauty and the Beast Wardrobe
22%
Toy Story Wheezy
22%
The Fox and the Hound Widow Tweed
22%
Pocahontas Wiggins
22%
Brave Witch
22%
Onward Wilden
11%
Atlantis Wilhelmina
11%
The Adventures of Ichabod and Mr Toad Water Rat
0%
The Jungle Book Winifred
0%
No matching quizzes found
Score Distribution
Percent of People with Each Score
Percentile by Number Answered
Your Score History
You have not taken this quiz